000 00349 a2200157 4500
001 49743
020 _a8576350971
040 _cAnchieta - Bela Vista
100 _aLeemans, Philippe
240 1 0 _aA porta misteriosa
_lpor
245 1 0 _aA porta misteriosa
300 _a47
362 0 _a2005
650 4 _aLiteratura infanto-juvenil
942 _cBK
999 _c49743
_d49743